The Oxford illustrated history of theatre

Αποθηκεύτηκε σε:
Λεπτομέρειες βιβλιογραφικής εγγραφής
Άλλοι συγγραφείς: Brown, John Russell (Επιμελητής έκδοσης)
Μορφή: Βιβλίο
Γλώσσα:English
Δημοσίευση: Oxford : Oxf. UP, 1997
Θέματα:
Ετικέτες: Προσθήκη ετικέτας
Δεν υπάρχουν, Καταχωρήστε ετικέτα πρώτοι!

MARC

LEADER 00000nam a2200000 i 4500
001 1/82176
008 990521s1997 eng d
020 |a 0-19-212997-X 
035 |l 10051032 
040 |a GR-MY-UA  |b gre  |e aacr 
041 0 |a eng 
082 0 |a 792.09 
245 1 4 |a The Oxford illustrated history of theatre /  |c edited by John Russell Brown 
260 |a Oxford :   |b Oxf. UP,   |c 1997 
300 |a 582 p.  |b ill. 
504 |a Includes bibliographical references and index 
650 0 0 |a Theater  |x History. 
650 0 0 |a Theater  |x History  |x Pictorial works. 
700 1 |a Brown, John Russell.  |4 edt 
852 |a INST  |b LESVOS  |e 19990521  |h 792.09 OXF  |p 005100016132  |q 005100016132  |t BK  |y 0 
901 |a BIBL1-1999-2 
909 |a Λ  |b 062258 
922 |a 1ΕΛΗ  |b 199812  |c ΚΠΣ/ΚΥΒ  |d LEADER 
950 |a 023-1998-09-14